Представление документа в формате RUSMARC

ПолеНазваниеЗначение
  Тип записи a
  Библиографический уровень c
001 Контрольный номер 383c0f3e47c1450f9073d8f814ca443b
005 Дата корректировки 20251003164055.9
010 Индекс ISBN __
a ISBN 978-5-7529-1291-7
d Цена 675-00
100 Данные общей обработки __
a Данные общей обработки 19180607d2017 md y0rusy028902 ca
101 Язык документа 0_
a Язык текста rus
d Язык резюме eng
102 Страна публикации __
a Страна публикации RU
105 Кодированные данные (монография) __
a Кодированные данные (монография) c z 000gy
181 Поле кодированных данных: вид содержания _0
a Код вида содержания (ISBD) i
182 Поле кодированных данных: тип средства _0
a Код типа средства (ISBD) n
200 Заглавие и сведения об ответственности 1_
a Заглавие Снежная симфония
e Сведения, относящиеся к заглавию [предисловие Натальи Рогачевой]
203 Вид содержания и тип средства __
a Вид содержания Текст
c Тип средства непосредственный
210 Выходные данные 1_
d Дата издания 2017
215 Физическое описание __
a Объем 318, [1] с., [4] л.
c Иллюстрации/тип воспроизводства портр.
300 Общие примечания __
a Общие примечания Предисловие параллельно на английском языке
327 Примечание о содержании 0_
a Примечание о содержании Пойду к отцовской роще дикой
327 Примечание о содержании 0_
a Примечание о содержании Сколько клюквы войдет в туесок
327 Примечание о содержании 0_
a Примечание о содержании Весенние костры
327 Примечание о содержании 0_
a Примечание о содержании Рождение песни
327 Примечание о содержании 0_
a Примечание о содержании Северянка
327 Примечание о содержании 0_
a Примечание о содержании Кедр
327 Примечание о содержании 0_
a Примечание о содержании Вечерняя волна
327 Примечание о содержании 0_
a Примечание о содержании Предвесеннее
327 Примечание о содержании 0_
a Примечание о содержании В небесах уж вовсю идет
327 Примечание о содержании 0_
a Примечание о содержании Звериные тропы
333 Примечание о целевом назначении __
a Примечание о целевом назначении 12+. Для детей старше 12 лет
461 Уровень набора _0
1 700 1
a Тарханов
b А. С.
g Андрей Семенович
f 1936-2017
1 2001
a Собрание сочинений
v Т. 1
e в 4 томах
f Андрей Тарханов
1 2101
a Екатеринбург
c Средне-Уральское книжное издательство
d 2017
606 Тематические рубрики __
a Основная рубрика Художественная литература
2 Код системы nlr_sh
606 Тематические рубрики __
a Основная рубрика Литература народов России (произведения)
y Географическая подрубрика Россия
y Географическая подрубрика Тюменская область
y Географическая подрубрика Ханты-Мансийский автономный округ - Югра
y Географическая подрубрика ХМАО-Югра
2 Код системы nlr_sh
610 Ключевые слова 0_
a Ключевые слова краеведение
610 Ключевые слова 0_
a Ключевые слова лирика
610 Ключевые слова 0_
a Ключевые слова мансийская литература
610 Ключевые слова 0_
a Ключевые слова мансийская поэзия
610 Ключевые слова 0_
a Ключевые слова поэзия
610 Ключевые слова 0_
a Ключевые слова стихотворения
610 Ключевые слова 0_
a Ключевые слова тема краеведения
610 Ключевые слова 0_
a Ключевые слова тема любви
610 Ключевые слова 0_
a Ключевые слова тема природы
610 Ключевые слова 0_
a Ключевые слова тема природы Севера
610 Ключевые слова 0_
a Ключевые слова тема Сибири
686 Индексы других классификаций __
2 Код системы rubbks
a Классификационный индекс К84(2=665.1)6-5
702 Вторичная интеллектуальная ответственность _1
a Фамилия Рогачева
b Имя Н. А.
g Полное личное имя Наталья Александровна
4 Код отношения 080
801 Источник записи _0
a Страна ru
b Организация Муниципальное бюджетное учреждение культуры "Централизованная библиотечная система" г. Сургут (Центральная городская библиотека им. А. С. Пушкина)
c Дата составления 20180607
g Правила каталогизации PSBO
801 Источник записи _1
a Страна RU
b Организация Муниципальное бюджетное учреждение культуры "Централизованная библиотечная система" г. Сургут (Центральная городская библиотека им. А. С. Пушкина)
c Дата составления 20180607
g Правила каталогизации PSBO
852 Данные о местонахождении __
j Шифр хранения К84(2=665.1)6-5
i Авторский знак Т 22
900 Макрообъекты __
a Макрообъекты Собрание сочинений. В 4 томах. Т. 1 Снежная симфония. Тарханов, А., 2017
901 Тип документа __
t Тип документа n
a Ответственный КиК/Котельникова; ООФиК/Губина
w Контрольный № источника 9c32e2236ddd49e692fe3d17f4f11bc5
903 Характеристики (МАРС) __
a Дата передачи 20180607; 20240117
c Наименование библиотеки (МАРС) Муниципальное бюджетное учреждение культуры "Централизованная библиотечная система" г. Сургут (Центральная городская библиотека им. А. С. Пушкина)
990 Данные о заказе (DOS) __
j Количество экземпляров (DOS) 1; 7
t N записи в КСУ для И/У (DOS) 202403; 201806